000 00292nam a22001337a 4500
008 171214b xxu||||| |||| 00| 0 eng d
020 _a9780226436180
041 _aeng
080 _a316
100 _a50
101 _aSOC
245 _aWOMEN OF THE RENAISSANCE
_cKING,M.L
942 _2udc
_cBK
999 _c38938
_d38938